000 00427nam a2200169Ia 4500
008 131103s9999 xx 000 0 und d
040 _aLoreto College
041 _aEnglish
082 _aF/SET
_bLCBED/12036
100 _aSeth, Vikram
245 4 _aThe golden gate
_cVikram Seth
260 _aNew Delhi
_bPenguin books
_c1986
300 _a307p
_c 20cm.
650 _aEnglish poetry
850 _aLCBED/F/SET
942 _cBK
999 _c32892
_d83371